Online
Catalog

The diary of Che Guevara : (Record no. 19818)

MARC details
000 -CABECERA
campo de control de longitud fija 00730nam a2200205 u 4500
001 - NÚMERO DE CONTROL
campo de control 000020314
005 - FECHA Y HORA DE LA ÚLTIMA TRANSACCIÓN
campo de control 20200929170348.0
008 - DATOS DE LONGITUD FIJA--INFORMACIÓN GENERAL
campo de control de longitud fija 100813s1968 xx 000 0 spa d
020 ## - NÚMERO INTERNACIONAL ESTÁNDAR DEL LIBRO
Número Internacional Estándar del Libro 0944499430
040 ## - FUENTE DE LA CATALOGACIÓN
Centro catalogador/agencia de origen DO-SdBNP
Lengua de catalogación spa
Centro/agencia transcriptor BNPHU
082 ## - NÚMERO DE LA CLASIFICACIÓN DECIMAL DEWEY
Número de clasificación 984.052
Número de documento/Ítem S315d
100 1# - ENTRADA PRINCIPAL--NOMBRE DE PERSONA
Nombre de persona Guevara, Ernesto,
Fechas asociadas al nombre 1928-1967
9 (RLIN) 19253
245 10 - MENCIÓN DE TÍTULO
Título The diary of Che Guevara :
Resto del título Bolivia, November 7, 1966-October 7, 1967 /
Mención de responsabilidad, etc. introducció de Fidel Castro. Edited by Robert Scheer.
260 ## - PUBLICACIÓN, DISTRIBUCIÓN, ETC.
Lugar de publicación, distribución, etc. United Setates :
Nombre del editor, distribuidor, etc. Bantam Books,
Fecha de publicación, distribución, etc. 1968.
490 1# - MENCIÓN DE SERIE
Mención de serie A Bantam extra
650 #4 - PUNTO DE ACCESO ADICIONAL DE MATERIA--TÉRMINO DE MATERIA
Término de materia o nombre geográfico como elemento de entrada Guerrillas
Subdivisión geográfica Bolivia
9 (RLIN) 19328
650 #4 - PUNTO DE ACCESO ADICIONAL DE MATERIA--TÉRMINO DE MATERIA
Término de materia o nombre geográfico como elemento de entrada Actividades subversivas bolivia.
Subdivisión geográfica Bolivia
9 (RLIN) 42956
651 #4 - PUNTO DE ACCESO ADICIONAL DE MATERIA--NOMBRE GEOGRÁFICO
Nombre geográfico Bolivia
Subdivisión general Historia
Subdivisión cronológica 1938-
9 (RLIN) 24469
830 #0 - PUNTO DE ACCESO ADICIONAL DE SERIE-TÍTULO UNIFORME
Título uniforme A Bantam extra
9 (RLIN) 42957
Holdings
Estado de retiro Estado de pérdida Restricciones de uso No para préstamo Código de colección Localización permanente Ubicación/localización actual Ubicación en estantería Fecha de adquisición Número de inventario Total de préstamos Signatura topográfica completa Código de barras Fecha visto por última vez Precio válido a partir de Tipo de ítem Koha
      Excluido de préstamo Monografías: Libros y Folletos General General En catalogación 08.05.2017 LF1   984.052 S315d 20314-10 25.06.2020 25.06.2020 No se presta

Powered by Koha